• 首页
  • 本馆介绍
  • 公告通知
  • 最新文献
  • 馆藏检索
  • 电子资源
  • 读者导购
  • 参考咨询
  • 我的图书馆
  • 登录
  • 详细信息显示
  • 放入我的书架
  • 预约/预借图书
  • 作者相关作品
  • 分类相关作品
  • 丛书相关作品
  • 出版社相关作品

书目信息

  • 表格格式
  • 工作单格式
  • 卡片格式
题名:
柳钢矿渣和粉煤灰制备胶凝材料及其水化机理研究
    
 
作者: 张旭芳 著
分册:  
出版信息: 北京   中国水利水电出版社  2017
页数: 103页
开本: 26cm
丛书名:
单 册:
中图分类: X751 , TB321
科图分类:
主题词: 矿渣--kuang zha--废物综合利用--研究 , 粉煤灰--fen mei hui--废物综合利用--研究 , 胶凝材料--jiao ning cai liao--制备--研究
电子资源:
ISBN: 978-7-5170-5211-1
000 01140nam0 2200289 450
001 012001003558
005 20140102115436.0
010    @a978-7-5170-5211-1@dCNY28.00
099    @aCAL 012017145455
100    @a20170921d2017 em y0chiy50 ea
101 0  @achi
102    @aCN@b110000
105    @aak a 000yy
106    @ar
200 1  @a柳钢矿渣和粉煤灰制备胶凝材料及其水化机理研究@Aliu gang kuang zha he fen mei hui zhi bei jiao ning cai liao ji qi shui hua ji li yan jiu@f张旭芳著
210    @a北京@c中国水利水电出版社@d2017
215    @a103页@c图@d26cm
320    @a有书目 (第99-103页)
330    @a本书共分为九章, 针对柳州地区钢铁产能迅速扩张, 高炉水淬矿渣产量迅速增加和该地区水泥熟料供应不足以及粉煤灰等固体废弃物快速增加等区域条件, 开发出了大量使用矿渣、粉煤灰等固体废弃物, 几乎不用水泥熟料的胶凝材料。
606 0  @a矿渣@Akuang zha@x废物综合利用@x研究
606 0  @a粉煤灰@Afen mei hui@x废物综合利用@x研究
606 0  @a胶凝材料@Ajiao ning cai liao@x制备@x研究
690    @aX751@v5
690    @aTB321@v5
701  0 @a张旭芳@Azhang xu fang@4著
801  2 @aCN@b北京卓展@c20191020
905    @b1212093-6@dX751@e307@f4
    
    柳钢矿渣和粉煤灰制备胶凝材料及其水化机理研究/张旭芳著.-北京:中国水利水电出版社,2017
    103页:图;26cm
    
    
    ISBN 978-7-5170-5211-1:CNY28.00
    本书共分为九章, 针对柳州地区钢铁产能迅速扩张, 高炉水淬矿渣产量迅速增加和该地区水泥熟料供应不足以及粉煤灰等固体废弃物快速增加等区域条件, 开发出了大量使用矿渣、粉煤灰等固体废弃物, 几乎不用水泥熟料的胶凝材料。
●
相关链接 在E读中查询图书 在五车中查询图书 在当当中查询图书 在豆瓣中查询图书


正题名:柳钢矿渣和粉煤灰制备胶凝材料及其水化机理研究     索取号:X751/307         预约/预借

序号 登录号 条形码 馆藏地/架位号 状态 备注
1 1212093   212120934   第二样本阅览室/ [索取号:X751/307] 在馆    
2 1212094   212120943   第三借阅区/ [索取号:X751/307] 在馆    
3 1212095   212120952   第三借阅区/ [索取号:X751/307] 在馆    
4 1212096   212120961   第三借阅区/ [索取号:X751/307] 在馆    
唐山师范学院图书馆 欢迎您!
大连网信软件有限公司© 版权所有